| 000 | 00380nam a22001697a 4500 | ||
|---|---|---|---|
| 005 | 20160629170835.0 | ||
| 008 | 160629b xxu||||| |||| 00| 0 eng d | ||
| 020 | _a81-242-0502-7 | ||
| 041 | _aeng | ||
| 082 | _b10872 | ||
| 100 |
_aRai, Ajay _93246 |
||
| 245 | _aSpecial Spellings | ||
| 260 |
_bIndiava books _c2004 |
||
| 300 | _a177 | ||
| 650 |
_aManagement _9241 |
||
| 942 | _cBK | ||
| 999 |
_c4780 _d4778 |
||